000
00218 a2200097 4500
001
34471
100
_a
Wali-u-Llah Shah
245
_a
Hujjatt-ul-Baligha
260
_a
Lahore
_b
Maqbool Academy
_c
090
_c
22760
_d
22760
942
_a
NUST-CAE
_c
M
_c
14181
999
_c
269544
_d
269544